000 00378 a2200169 4500
001 56489
020 _a8532252222
040 _cAnchieta - Pituba
100 _aCunha, Leo
240 1 0 _aManual de desculpas esfarrapadas
_lpor
245 1 0 _aManual de desculpas esfarrapadas
300 _a90
362 0 _a2004
440 1 _aFTD
650 4 _aLiteratura juvenil
942 _cBK
999 _c56489
_d56489